Statistics for Countries that start with G

Click here to take the quiz!

General Stats

  • This quiz has been taken 35 times
  • The average score is 9 of 10

Answer Stats

ContinentAnswer% Correct
EuropeGermany
94%
North AmericaGuatemala
94%
South AmericaGuyana
94%
North AmerciaGrenada
91%
AfricaGuinea
91%
AfricaGabon
88%
AfricaGuinea-Bissau
88%
AfricaGhana
85%
EuropeGreece
85%
AsiaGeorgia
82%

Score Distribution

Percentile by Number Answered

Percent of People with Each Score

Your Score History

You have not taken this quiz